<?xml version="1.0" encoding="UTF-8"?>
<marc:record xmlns:marc="http://www.loc.gov/MARC21/slim">
   <marc:leader>00000nam a2200000 a 4500</marc:leader>
   <marc:datafield ind1="1" ind2=" " tag="100">
      <marc:subfield code="a">Rowling, J.K.</marc:subfield>
      <marc:subfield code="4">aut</marc:subfield>
      <marc:subfield code="e">Verfasser/-in</marc:subfield>
   </marc:datafield>
   <marc:datafield ind1="0" ind2="0" tag="245">
      <marc:subfield code="a">Harry Potter and the Order of the Phoenix</marc:subfield>
   </marc:datafield>
   <marc:datafield ind1="0" ind2="0" tag="245">
      <marc:subfield code="c">J.K. Rowling</marc:subfield>
   </marc:datafield>
   <marc:datafield ind1=" " ind2="1" tag="264">
      <marc:subfield code="a">London</marc:subfield>
      <marc:subfield code="b">Bloomsbury</marc:subfield>
      <marc:subfield code="c">2003</marc:subfield>
   </marc:datafield>
   <marc:datafield ind1="1" ind2=" " tag="490">
      <marc:subfield code="a">Harry Potter</marc:subfield>
      <marc:subfield code="v">5</marc:subfield>
   </marc:datafield>
   <marc:datafield ind1="1" ind2=" " tag="520">
      <marc:subfield code="a">Es sind Sommerferien und wieder einmal sitzt Harry bei den unsäglichen Dursleys fest. Doch diesmal treibt ihn größere Unruhe denn je - warum erfährt er nichts über die dunklen Mächte, die inzwischen neu erstanden sind? Noch ahnt er nicht, was der geheimnisvolle Orden des Phönix gegen Voldemort ausrichten kann ... Doch dann schlägt der Dunkle Lord wieder zu. Harry muss seine Freunde um sich scharen, sonst gibt es kein Entrinnen.</marc:subfield>
   </marc:datafield>
   <marc:datafield ind1=" " ind2=" " tag="020">
      <marc:subfield code="a">9780747551003</marc:subfield>
      <marc:subfield code="9">9780747551003</marc:subfield>
   </marc:datafield>
   <marc:datafield ind1=" " ind2=" " tag="020">
      <marc:subfield code="a">0747551006</marc:subfield>
      <marc:subfield code="9">0747551006</marc:subfield>
   </marc:datafield>
   <marc:datafield ind1=" " ind2=" " tag="500">
      <marc:subfield code="a">Englische Ausgabe</marc:subfield>
   </marc:datafield>
   <marc:datafield ind1=" " ind2=" " tag="300">
      <marc:subfield code="a">766 Seiten</marc:subfield>
   </marc:datafield>
</marc:record>
